Top 20 best football clubs of 2010s - Statistics

General Stats
  • This quiz has been taken 209 times
  • The average score is 17 of 20
Answer Stats
Position Hint Club % Correct
1 4 Champions League, 2 La Liga titles Real Madrid
100%
3 Champions League 2013, 8 Bundesliga titles Bayern Munich
99%
2 2 Champions League, 7 La Liga titles Barcelona
98%
5 Champions League 2012, 3 Premier League titles Chelsea
91%
6 8 Serie A titles, 2 Champions League finals Juventus
91%
7 4 Premier League titles Manchester City
91%
10 6 Ligue 1 titles Paris Saint-Germain
91%
12 2 Bundesliga titles Borussia Dortmund
90%
13 Champions League 2010, Serie A 2010 Inter Milan
89%
16 5 Eredivisie titles Ajax
88%
8 2 Premier League titles, Europa League 2017 Manchester United
87%
17 3 FA Cup Arsenal
85%
9 Champions League 2019 Liverpool
84%
11 3 Europa League titles Sevilla
84%
14 Europa League 2011, 4 Primeira Liga titles Porto
83%
15 2 Europa League finals, 6 Primeira Liga titles Benfica
82%
20 Serie A 2011 AC Milan
79%
4 2 Europa League, 2 Champions League finals Atletico Madrid
79%
18 2 Coppa Italia Napoli
75%
19 Champions League 2019 semi-final Tottenham
66%
No matching quizzes found
Score Distribution
Percent of People with Each Score
Percentile by Number Answered
Your Score History
You have not taken this quiz